Vector analysis and an introduction to tensor analysis / (Record no. 22420)

MARC details
000 -LEADER
fixed length control field 01702cam a22004095a 4500
001 - CONTROL NUMBER
control field 15637793
005 - DATE AND TIME OF LATEST TRANSACTION
control field 20240818093011.0
008 - FIXED-LENGTH DATA ELEMENTS--GENERAL INFORMATION
fixed length control field 090225t2009 nyua fr 001 0 eng d
010 ## -
-- 2009007879
015 ## -
-- GBA922304
-- bnb
016 7# -
-- 014920433
-- Uk
020 ## - INTERNATIONAL STANDARD BOOK NUMBER
International Standard Book Number 9780071615457 (alk. paper)
020 ## - INTERNATIONAL STANDARD BOOK NUMBER
International Standard Book Number 0071615458 (alk. paper)
035 ## - SYSTEM CONTROL NUMBER
System control number (OCoLC)ocn244060713
040 ## - CATALOGING SOURCE
Original cataloging agency DLC
Language of cataloging eng
Transcribing agency DLC
Modifying agency YDX
-- BTCTA
-- BAKER
-- YDXCP
-- ORX
-- CUS
-- VP@
-- UKM
-- UBY
-- DLC
082 04 - DEWEY DECIMAL CLASSIFICATION NUMBER
Classification number 515.63076
Item number LIP
Edition number 22
100 1# - MAIN ENTRY--PERSONAL NAME
Personal name Lipschutz, Seymour.
9 (RLIN) 2663
245 10 - TITLE STATEMENT
Title Vector analysis and an introduction to tensor analysis /
Statement of responsibility, etc Seymour Lipschutz, Dennis Spellman, Murray R. Spiegel.
246 33 - VARYING FORM OF TITLE
Title proper/short title Schaum’s outlines of vector analysis and an introduction to tensor analysis
250 ## - EDITION STATEMENT
Edition statement 2nd ed.
260 ## -
-- New York :
-- McGraw-Hill,
-- c.2009.
300 ## - PHYSICAL DESCRIPTION
Extent viii, 238 p. :
Other physical details ill. ;
Dimensions 28 cm.
336 ## - CONTENT TYPE
Source rdacontent
Content type term text
Content type code txt
337 ## - MEDIA TYPE
Media type term unmediated
Source rdamedia
Media type code n
338 ## - CARRIER TYPE
Carrier type term volume
Carrier type code nc
Source rdacarrier
490 0# - SERIES STATEMENT
Series statement Schaum’s outline series
500 ## - GENERAL NOTE
General note Index : p. 235-238.
505 0# - FORMATTED CONTENTS NOTE
Formatted contents note Vectors and scalars -- The dot and cross product -- Vector differentiation -- Gradient, divergence, curl -- Vector integration -- Divergence theorem, Stokes' theorem, and related integral theorems -- Curvilinear coordinates -- Tensor analysis.
650 #7 - SUBJECT ADDED ENTRY--TOPICAL TERM
Topical term or geographic name as entry element Vector analysis
Form subdivision Problems, exercises, etc.
Source of heading or term BUEsh
9 (RLIN) 41260
650 #7 - SUBJECT ADDED ENTRY--TOPICAL TERM
Topical term or geographic name as entry element Calculus of tensors
Form subdivision Problems, exercises, etc.
Source of heading or term BUEsh
9 (RLIN) 41261
651 ## - SUBJECT ADDED ENTRY--GEOGRAPHIC NAME
Source of heading or term BUEsh
653 ## - INDEX TERM--UNCONTROLLED
Resource For college Engineering, General
Arrived date list September2016
655 ## - INDEX TERM--GENRE/FORM
Form subdivision Reading book
9 (RLIN) 34232
700 1# - ADDED ENTRY--PERSONAL NAME
Personal name Spiegel, Murray R.
9 (RLIN) 2617
700 1# - ADDED ENTRY--PERSONAL NAME
Personal name Spellman, Dennis,
Dates associated with a name 1945-
9 (RLIN) 41262
942 ## - ADDED ENTRY ELEMENTS (KOHA)
Source of classification or shelving scheme Dewey Decimal Classification
Classification part RDA-MOD
Holdings
Withdrawn status Lost status Source of classification or shelving scheme Damaged status Not for loan Collection code Home library Current library Shelving location Date acquired Source of acquisition Cost, normal purchase price Total Checkouts Total Renewals Full call number Barcode Date last seen Date checked out Koha item type
    Dewey Decimal Classification     Baccah Central Library Central Library First floor 27/09/2016 Purchase 260.00 2 11 515.63076 LIP 000033722 15/07/2025 22/09/2024 Book - Borrowing